| 000 | 00884nam a2200265 a 4500 | ||
|---|---|---|---|
| 005 | 20151114095004.0 | ||
| 008 | 140310b1999 ck ||||| |||| 00| 0 spa d | ||
| 040 |
_aCO-BoIAVH _cCO-BoIAVH |
||
| 041 | _aspa | ||
| 044 | _ack | ||
| 090 |
_aLB _b02896 |
||
| 110 |
_bCTI Internacional Co., LTD. _918664 |
||
| 245 |
_aEstudio sobre plan de mejoramiento ambiental regional para la cuenca de la laguna de Fúquene _binforme intermedio |
||
| 260 |
_aBogotá _bCAR _bAgencia de Cooperación Internacional del Japón - JICA _c1999 |
||
| 300 | _a82 p. | ||
| 650 |
_aHidrología _941929 |
||
| 650 |
_aGeología _941930 |
||
| 650 |
_aLimnología _941931 |
||
| 650 |
_aPlantas acuáticas _941932 |
||
| 650 |
_aCalidad del agua _941933 |
||
| 650 |
_aMonitoreo hidrológico _918667 |
||
| 650 |
_aMacrófitas _916362 |
||
| 662 |
_aColombia _cLaguna de Fúquene _bCundinamarca |
||
| 942 |
_cINFORME _2z |
||
| 999 |
_c3134 _d3134 |
||